• 首页
  • 本馆介绍
  • 公告通知
  • 最新文献
  • 馆藏检索
  • 电子资源
  • 读者导购
  • 参考咨询
  • 我的图书馆
  • 登录
  • 详细信息显示
  • 放入我的书架
  • 预约/预借图书
  • 作者相关作品
  • 分类相关作品
  • 丛书相关作品
  • 出版社相关作品

书目信息

  • 表格格式
  • 工作单格式
  • 卡片格式
题名:
工业经济与企业管理基本知识讲座
    
 
作者: 薛暮桥 著
分册: 上册  
出版信息: 北京   中国社会科学出版社  1982
页数: 262页
开本: 19cm
丛书名:
单 册:
中图分类: F40
科图分类:
主题词: 工业经济--中国 , 工业企业管理--中国 , 工业经济--经济理论
电子资源:
ISBN:
000 00744nam0 2200265 45
001 0182003870
005 20040429141824.4
010    @dCNY2.35
091    @a4190.127
100    @a19950302d1982 em y0chiy0121 ea
101 0  @achi
102    @aCN@b110000
105    @ay z 000yy
106    @ar
200 10 @a工业经济与企业管理基本知识讲座@h上册@Agong ye jing ji yu qi ye guan li ji ben zhi shi jiang zuo@f薛暮桥著
210    @a北京@c中国社会科学出版社@d1982
215    @a262页@d19cm
606    @a工业经济@y中国
606    @a工业企业管理@y中国
606 0  @a工业经济@x经济理论
690    @aF40
701  0 @a薛暮桥@Axue mu qiao@4著
801  0 @aCN@b上海图书馆@c20040429
801  2 @aCN@bNLC@c20040429
905    @f1@b93570@dF40@e25:1
    
    工业经济与企业管理基本知识讲座.上册/薛暮桥著.-北京:中国社会科学出版社,1982
    262页;19cm
    
    
    ISBN :CNY2.35
    
●
相关链接 在E读中查询图书 在五车中查询图书 在当当中查询图书 在豆瓣中查询图书


正题名:工业经济与企业管理基本知识讲座     索取号:F40/25:1         预约/预借

序号 登录号 条形码 馆藏地/架位号 状态 备注
1 0093570   000207662   第一借阅区/ [索取号:F40/25:1] 在馆    
2 0093571   000207706   第一样本阅览室/ [索取号:F40/25:1] 在馆    
唐山师范学院图书馆 欢迎您!
大连网信软件有限公司© 版权所有